LIBRARY & INFORMATION CENTRE, KCAET, TAVANUR

ONLINE PUBLIC ACCESS CATALOGUE (OPAC)

Fundamental principles of hydraulics, Vol 2 / (Record no. 7391)

MARC details
000 -LEADER
fixed length control field 00457cam a2200181ua 4500
041 ## - LANGUAGE CODE
Language code of text/sound track or separate title eng
082 ## - DEWEY DECIMAL CLASSIFICATION NUMBER
Classification number 532.001
Item number PRI/FU
100 ## - MAIN ENTRY--AUTHOR NAME
Personal name Priyani, V B .
245 ## - TITLE STATEMENT
Title Fundamental principles of hydraulics, Vol 2 /
250 ## - EDITION STATEMENT
Edition statement 2 /
260 ## - PUBLICATION, DISTRIBUTION, ETC. (IMPRINT)
Place of publication New Delhi :
Name of publisher Charotar book stall ,
Year of publication 1963.
300 ## - PHYSICAL DESCRIPTION
Number of Pages 533 ; .
942 ## - ADDED ENTRY ELEMENTS (KOHA)
Koha item type Books
Holdings
Withdrawn status Lost status Damaged status Home library Current library Date acquired Full call number Accession Number Koha item type
      KAUAET KAUAET 07/04/2012 532.001 PRI/FU 12852 Books
free website counter